|
|
|
|
| LEADER |
00000nam a2200000 a 4500 |
| 001 |
vtls001079613 |
| 003 |
SK-MaSNL |
| 005 |
20260301231453.0 |
| 008 |
250414s1988 xo 0 slo |
| 015 |
|
|
|a SNBA1989/01
|
| 035 |
|
|
|a SNK000022450
|
| 040 |
|
|
|a SNK
|b slo
|c SNK
|e AACR2
|
| 041 |
0 |
|
|a slo
|
| 044 |
|
|
|a xo
|c SK
|
| 080 |
|
|
|a 681.3:744(075.8)(076.5)
|2 1981
|
| 080 |
|
|
|a 744(075.8)(076.5)
|2 1981
|
| 245 |
0 |
0 |
|a Počítačová grafika a numerické metódy
|b Návody na cvičenia ; Miroslav Vereš, Martin Šperka, Imrich Bartók, Ján Gaduš, Elena Zbuňáková, Ľudmila Zajacová, Róbert Šimončič, Stanislav Sýkora
|
| 250 |
|
|
|a 1. vyd. 1. dotl.
|
| 260 |
|
|
|a Bratislava
|b Slovenská vysoká škola technická
|c 1988
|e Bratislava
|f Edičné stredisko SVŠT
|
| 300 |
|
|
|a 144 s., 10,610 AH
|c 29 cm
|
| 366 |
|
|
|e 300 výtl.
|
| 500 |
|
|
|a Lit. 18. Schválil rektor SVŠT v Bratislave ako skriptá. Rozmn. 18 zázn. v slov., češ. a angl.
|
| 700 |
1 |
|
|a Vereš, Miroslav,
|d 1947-
|4 aut
|9 97665
|
| 700 |
1 |
|
|a Šperka, Martin
|4 aut
|9 288009
|
| 700 |
1 |
|
|a Bartók, Imrich
|4 aut
|9 573408
|
| 700 |
1 |
|
|a Gaduš, Ján
|4 aut
|9 298179
|
| 700 |
1 |
|
|a Zbuňáková, Elena
|4 aut
|9 23200
|
| 700 |
1 |
|
|a Zajacová, Ľudmila
|4 aut
|9 8034
|
| 700 |
1 |
|
|a Šimončič, Róbert,
|d 1929-
|4 aut
|9 218289
|
| 700 |
1 |
|
|a Sýkora, Stanislav
|4 aut
|9 573409
|
| 852 |
|
|
|a Slovenská národná knižnica
|
| 958 |
|
|
|a OND
|
| 958 |
|
|
|a NB
|
| 958 |
|
|
|a RM
|
| 958 |
|
|
|a UV
|
| 999 |
|
|
|c 958513
|d 960443
|
| 952 |
|
|
|t P60, <04>, [BOOK], {604}
|a SNK
|b SNK
|y VYP
|7 0
|p 17A0156210
|o snkSB 44220 D1
|0 0
|1 0
|4 0
|d 1998-08-14
|l 0
|r 2004-12-31 00:00:00
|w 2026-02-24
|
| 952 |
|
|
|a SNK
|b SNK
|y PREZ
|7 0
|p 17A0853004
|o snkSB 44220
|0 0
|1 0
|4 0
|d 2012-07-10
|f 1
|l 0
|r 2025-05-09 00:00:00
|w 2026-02-24
|